iGenetics : (Record no. 12745)

000 -LEADER
fixed length control field 01109cam a2200289 a 4500
001 - CONTROL NUMBER
control field 15542315
005 - DATE AND TIME OF LATEST TRANSACTION
control field 20160806110221.0
008 - FIXED-LENGTH DATA ELEMENTS--GENERAL INFORMATION
fixed length control field 081203s2010 caua b 001 0 eng
010 ## - LIBRARY OF CONGRESS CONTROL NUMBER
LC control number 2008052065
020 ## - INTERNATIONAL STANDARD BOOK NUMBER
International Standard Book Number 9780321569769 (hard cover : alk. paper)
020 ## - INTERNATIONAL STANDARD BOOK NUMBER
International Standard Book Number 0321569768 (hard cover : alk. paper)
035 ## - SYSTEM CONTROL NUMBER
System control number (OCoLC)ocn268788630
035 ## - SYSTEM CONTROL NUMBER
System control number (OCoLC)268788630
040 ## - CATALOGING SOURCE
Original cataloging agency DLC
Transcribing agency DLC
Modifying agency BTCTA
-- YDXCP
-- C#P
-- BWX
-- CDX
-- DLC
050 00 - LIBRARY OF CONGRESS CALL NUMBER
Classification number QH442.R865 2010
Item number .R865 2010
082 00 - DEWEY DECIMAL CLASSIFICATION NUMBER
Edition number 22
100 1# - MAIN ENTRY--PERSONAL NAME
Personal name Russell, Peter J.
245 10 - TITLE STATEMENT
Title iGenetics :
Remainder of title a molecular approach /
Statement of responsibility, etc. Peter J. Russell.
250 ## - EDITION STATEMENT
Edition statement 3rd ed.
260 ## - PUBLICATION, DISTRIBUTION, ETC. (IMPRINT)
Place of publication, distribution, etc. San Francisco :
Name of publisher, distributor, etc. Benjamin Cummings,
Date of publication, distribution, etc. c2010.
300 ## - PHYSICAL DESCRIPTION
Extent xix, 828 p. :
Other physical details ill. (chiefly col.) ;
Dimensions 29 cm.
504 ## - BIBLIOGRAPHY, ETC. NOTE
Bibliography, etc Includes bibliographical references (p. 728-741) and index.
650 #0 - SUBJECT ADDED ENTRY--TOPICAL TERM
Topical term or geographic name as entry element Molecular genetics.
906 ## - LOCAL DATA ELEMENT F, LDF (RLIN)
a 7
b cbc
c orignew
d 1
e ecip
f 20
g y-gencatlg
942 ## - ADDED ENTRY ELEMENTS (KOHA)
Source of classification or shelving scheme
Koha item type Hard Covered Materials
Classification part QH442.R865 2010
Holdings
Withdrawn status Lost status Source of classification or shelving scheme Damaged status Not for loan Home library Current library Date acquired Total Checkouts Full call number Barcode Date last seen Price effective from Koha item type Shelving location Source of acquisition
          MACHAKOS UNIVERSITY LIBRARY MACHAKOS UNIVERSITY LIBRARY 06/08/2016   QH442.R865 2010 20862 04/06/2019 06/08/2016 Hard Covered Materials    
          MACHAKOS UNIVERSITY LIBRARY MACHAKOS UNIVERSITY LIBRARY 07/02/2017   QH442 .R865 2010 34584 02/08/2018 07/02/2017 Hard Covered Materials Technical section Donation(BFA)
          MACHAKOS UNIVERSITY LIBRARY MACHAKOS UNIVERSITY LIBRARY 07/02/2017   QH442 .R865 2010 34595 10/07/2018 07/02/2017 Hard Covered Materials Technical section Donation(BFA)
© Machakos University Library, Along The Highway, Machakos Wote Rd, Machakos, Kenya P.O. Box 136 - 90100 Machakos - Kenya

Tel: ( +254 ) 723 805829 OR Fax : 044-20353 OR Email: library@mksu.ac.ke